000
00225nam a22000857a 4500
008
160705b xxu||||| |||| 00| 0 eng d
100
_9
2272
_a
Reader's Digest
245
_a
Reverse Dictionary
260
_a
Lon
_b
Reader's Digest
_c
1989
999
_c
1955
_d
1955